1538 1293 1157 1883 1004 1320 1950 1842 1622 1151 1619 1176 1641 1674 1531 1908 1289 1720 1333 1070 1452 1767 1904 1110 1379 1785 1483 1491 1369 1662 1275 1969 1770 1010 1292 1442 1472 1144 1818 1901 1518 1194 1646 1124 1850 1916 1355 1689 1572 1229 1782 1608 1881 1629 1007 1895 1214 1527 1774 1876 1437 1749 1674 1919 1138 1110 1819 1173 1470 1397 1330 1003 1381 1404 1182 1779 1070 1412 1966 1992 1478 1023 1820 1997 2000 1768 1686 1874 1302 1221 1558 1104 1527 1373 1847 1597 1466 1623 1818 BCNSPRNW ULIB Ver.6.0+V

เปลี่ยนเป็นภาษาไทย

Change to English
 แสดงรายละเอียดบรรณานุกรม
  กลับหน้าหลัก

Brief Record : Get Marc (ISO 2709) : E-mail record : QR code < ปิดหน้าต่าง
LEADER : 00000nam 2200000uu 4500
001    13399111446
003     ULIB
008    110627s||||||||th 000 0 tha d
020    9786165001335
090    นว.^bพ961ค 2554
100 0  แพรณัฐ
245 00 คุณชายรณพีร์/^cแพรณัฐ
250    พิมพ์ครั้งที่ 1
260    กรุงเทพฯ :^bพิมพ์คำ,^c2554
300    350 หน้า
490 0  นวนิยายชุด สุภาพบุรุษจุฑาเทพ
945    ^p240^l0^i030172
995    ทศพร
999 ^a ใช้งานได้ทุกระบบ
รายการนี้ยังไม่มีแท็ก
คุณยังไม่ได้ล็อกอิน คุณสามารถมีกิจกรรมร่วมกับเว็บไซต์ได้ แต่ต้องล็อกอินก่อน ::
  ล็อกอิน

รายการสื่อสารสนเทศ

ลำดับที่ ประเภท เลขเรียก/บาร์โค้ด สถานที่ สถานะ
1. นวนิยาย
นวนิยาย
นว. พ961ค 2554 ฉ.1 
  Barcode: 030172
ห้องสมุดวิทยาเขตสวรรค์ประชารักษ์
►นวนิยาย
บนชั้น
  ขอยืม

รายการใกล้เคียง
    ผู้แต่ง [แพรณัฐ]

BibComment


ยังไม่เคยถูกคอมเมนท์

คอมเมนท์ทรัพยากรรายการนี้
  คอมเมนท์: คุณชายรณพีร์ แพรณัฐ


 Copyright 2026. Bcnsprnw @Library